000 00602nam a2200181 i 4500
001 62170
003 ES-MaACL
005 20230906164623.0
007 t|
008 031118s1968 sp ||||1| spa d
100 1 _aFerguson, F. D.
_949290
245 1 3 _aLa regla de las fases /
_cF.D. Ferguson, T.K. Jones ; versión española de José María Storch de Gracia y Asensio.
260 _aMadrid :
_bAlhambra,
_c[1968]
300 _aVII, 137 p. :
_bil. ;
_c20 cm.
700 1 _aJones, T. K.
_966869
700 1 _aStorch de Gracia y Asensio, José María.
_9108326
852 _aES-MaACL
_jC-34727
_bR.67198
999 _c62170
_d62170